Manual de normas y procedimientos en cardiología / (Record no. 100091)

MARC details
000 -CABECERA
campo de control de longitud fija 00626nam a2200205 a 4500
005 - FECHA Y HORA DE LA ÚLTIMA TRANSACCIÓN
campo de control 20210223125052.0
008 - ELEMENTOS DE LONGITUD FIJA--INFORMACIÓN GENERAL
campo de control de longitud fija 030813s2000 mx r 000 0 spa d
020 ## - NÚMERO INTERNACIONAL NORMALIZADO PARA LIBROS
Número Internacional Estándar del Libro 958655404X
035 ## - NÚMERO DE CONTROL DEL SISTEMA
Número de control de sistema UPN01000127912
049 ## - COLECCIÓN
Colección CG
050 #4 - SIGNATURA TOPOGRÁFICA DE LA BIBLIOTECA DEL CONGRESO
Número de clasificación RC667
Número de documento/Ítem M3.7
245 00 - MENCIÓN DE TÍTULO
Título Manual de normas y procedimientos en cardiología /
Mención de responsabilidad, etc. Elkin Castaño... [et al.] ; ed. Juan Manuel Senior.
260 ## - PUBLICACIÓN, DISTRIBUCIÓN, ETC.
Lugar de publicación, distribución, etc. Bogota :
Nombre del editor, distribuidor, etc. Universidad de Antioquia,
Fecha de publicación, distribución, etc. 2000.
300 ## - DESCRIPCIÓN FÍSICA
Extensión 345 p.
440 #0 - MENCIÓN DE SERIE/ASIENTO SECUNDARIO--TÍTULO
Título Yuluka / Medicina
650 #4 - ASIENTO SECUNDARIO DE MATERIA - TERMINO TEMATICO
Término de materia o nombre geográfico como elemento de entrada CARDIOLOGIA
9 (RLIN) 6902
650 #4 - ASIENTO SECUNDARIO DE MATERIA - TERMINO TEMATICO
Término de materia o nombre geográfico como elemento de entrada CORAZON -
Subdivisión general ENFERMEDADES
9 (RLIN) 10330
700 1# - ASIENTO SECUNDARIO--NOMBRE DE PERSONAL
Nombre de persona Castaño, Elkin,
Término indicativo de función/relación coaut.
905 ## - TIPO DE MATERIAL
Tipo de material Libro
Holdings
Estado de retiro Estado de pérdida Fuente del sistema de clasificación o colocación Estado dañado No para préstamo Código de colección Localización permanente Ubicación/localización actual Ubicación en estantería Total de préstamos Clasificación Código de barras Fecha visto por última vez Número de copia Tipo de ítem Koha
    Library of Congress Classification     Colección General Bib. Gregorio Torres Quintero Bib. Gregorio Torres Quintero Planta baja   RC667 M3.6 194198 31/12/2020 1 Libro
    Library of Congress Classification     Colección General Bib. Gregorio Torres Quintero Bib. Gregorio Torres Quintero Planta baja   RC667 M3.6 194199 31/12/2020 1 Libro